| 000 | 00473nam a2200145Ia 4500 | ||
|---|---|---|---|
| 008 | 210430s9999 xx 000 0 und d | ||
| 020 | _a9788131705667 | ||
| 082 | _a670 K 141 M | ||
| 100 | _aSerope Kalpakjian and Steven R. Schmid | ||
| 245 |
_aManufacturing Processes for Engineering Materials / _cSerope Kalpakjian and Steven R. Schmid |
||
| 250 | _a5th edition | ||
| 260 |
_aIndia _bSerope Ka;pakjian and Steven R. Schmid _c2009 |
||
| 300 | _a1010p | ||
| 942 |
_cBK _2ddc |
||
| 999 |
_c564799 _d564799 |
||